| 000 | 01249nam a2200313Ia 4500 | ||
|---|---|---|---|
| 001 | ebr10273138 | ||
| 003 | CaPaEBR | ||
| 006 | m u | ||
| 007 | cr cn||||||||| | ||
| 008 | 990216s1999 enka sb 001 0 eng d | ||
| 010 | _z 99021237 | ||
| 020 | _z0198294220 (pbk.) | ||
| 020 | _z0198294239 (hc.) | ||
| 040 |
_aCaPaEBR _cCaPaEBR |
||
| 035 | _a(OCoLC)223160059 | ||
| 050 | 1 | 4 |
_aHF5549.5.J6 _bM375 1999eb |
| 100 | 1 | _aMarsden, David. | |
| 245 | 1 | 2 |
_aA theory of employment systems _h[electronic resource] : _bmicro-foundations of societal diversity / _cDavid Marsden. |
| 260 |
_aOxford ; _aNew York : _bOxford University Press, _c1999. |
||
| 300 |
_axvi, 298 p. : _bill. |
||
| 504 | _aIncludes bibliographical references (p. [274]-290) and index. | ||
| 533 |
_aElectronic reproduction. _bPalo Alto, Calif. : _cebrary, _d2009. _nAvailable via World Wide Web. _nAccess may be limited to ebrary affiliated libraries. |
||
| 650 | 0 | _aJob analysis. | |
| 650 | 0 |
_aOccupations _vClassification. |
|
| 650 | 0 | _aDiversity in the workplace. | |
| 655 | 7 |
_aElectronic books. _2local |
|
| 710 | 2 | _aebrary, Inc. | |
| 856 | 4 | 0 |
_uhttp://site.ebrary.com/lib/rucke/Doc?id=10273138 _zAn electronic book accessible through the World Wide Web; click to view |
| 999 |
_c6751 _d6751 |
||